000
00339nam a2200157Ia 4500
008
200305s9999 xx 000 0 und d
082
_a
910.02
082
_b
TIG
100
_a
TIWARI R C
245
_a
GEOGRAPHY IN INDIA
250
_a
2008
260
_a
NEW DELHI
_b
PRAGATI PUB
300
_a
840
650
_a
GEOGRAPHY
999
_c
37679
_d
37679
041
_a
eng